| 000 | 00774nam a2200217Ia 4500 | ||
|---|---|---|---|
| 999 |
_c40600 _d40600 |
||
| 001 | 7225 | ||
| 003 | GE_BSU | ||
| 005 | 20230313101815.0 | ||
| 008 | 181216s2001ge xx |||||||||||||| ||geo|| | ||
| 020 | _a999282140 | ||
| 040 | _cGE_BSU | ||
| 041 | _ageo | ||
| 080 | _a341.9 ლ-61 | ||
| 100 |
_aლილუაშვილი, თენგიზ. _916901 |
||
| 245 |
_aსაერთაშორისო კერძო სამართალი / _cთენგიზ ლილუაშვილი. |
||
| 264 |
_aთბილისი : _bჯისიაი, _c2001. |
||
| 300 |
_a231 გვ ; _b20 სმ. |
||
| 653 | _aსაერთაშორისო კერძო სამართალი. | ||
| 653 | _aსამართალი | ||
| 942 |
_cBK _2udc |
||